Human Anatomy and Physiology for Courses in Nursing and Allied Health Sciences (Record no. 252112)

MARC details
000 -LEADER
fixed length control field 00418pam a2200145a 44500
008 - FIXED-LENGTH DATA ELEMENTS--GENERAL INFORMATION
fixed length control field 230405s2018 xxu||||| |||| 00| 0 eng d
020 ## - INTERNATIONAL STANDARD BOOK NUMBER
International Standard Book Number 9789387085169
Terms of availability Rs. 350/-
082 ## - DEWEY DECIMAL CLASSIFICATION NUMBER
Classification number 612
Item number YAL
100 ## - MAIN ENTRY--PERSONAL NAME
Personal name Yalayyaswamy, N.N.
245 ## - TITLE STATEMENT
Title Human Anatomy and Physiology for Courses in Nursing and Allied Health Sciences
250 ## - EDITION STATEMENT
Edition statement 4th Ed.
260 ## - PUBLICATION, DISTRIBUTION, ETC.
Place of publication, distribution, etc. New Delhi
Name of publisher, distributor, etc. CBS Pub.
Date of publication, distribution, etc. 2018
300 ## - PHYSICAL DESCRIPTION
Extent 320 p.
906 ## - LOCAL DATA ELEMENT F, LDF (RLIN)
a 003882

No items available.